| 000 | 01540cam a22003734a 4500 | ||
|---|---|---|---|
| 001 | 15448439 | ||
| 003 | GBCCL | ||
| 005 | 20251113122135.0 | ||
| 008 | 080912s2008 tnua b 001 0 eng d | ||
| 020 | _a9780805447552 | ||
| 020 | _a0805447555 | ||
| 035 | _a15448439 | ||
| 035 | _a(OCoLC)236121515 | ||
| 040 |
_aLNB _cLNB _dDLC |
||
| 082 | 0 | 0 |
_a261.08828 _222 _bSUT 1 |
| 100 | 1 |
_aSutton, Jerry, _d1951- |
|
| 245 | 1 | 2 |
_aA matter of conviction : _ba history of Southern Baptist engagement with the culture / _cJerry Sutton ; foreword by James T. Draper, Jr. |
| 260 |
_aNashville, Tenn. : _bB & H Pub. Group, _cc2008. |
||
| 300 |
_axiv, 502 p. : _bill. ; _c24 cm. |
||
| 336 |
_atext _btxt _2rdacontent |
||
| 337 |
_aunmediated _bn _2rdamedia |
||
| 338 |
_avolume _bnc _2rdacarrier |
||
| 504 | _aIncludes bibliographical references and indexes. | ||
| 610 | 2 | 0 |
_aSouthern Baptist Convention. _bEthics and Religious Liberty Commission |
| 610 | 2 | 0 |
_aSouthern Baptist Convention. _bChristian Life Commission. |
| 650 | 0 |
_aChristianity and culture _zUnited States. |
|
| 650 | 0 | _aChristian ethics. | |
| 856 | 4 | 2 |
_3Contributor biographical information _uhttp://www.loc.gov/catdir/enhancements/fy0901/2008277013-b.html |
| 856 | 4 | 2 |
_3Publisher description _uhttp://www.loc.gov/catdir/enhancements/fy0901/2008277013-d.html |
| 906 |
_a7 _bcbc _ccopycat _d2 _encip _f20 _gy-gencatlg |
||
| 942 |
_2ddc _cBK _n0 |
||
| 999 |
_c11027 _d11027 |
||